000 02364cab a2200301 ab4500
005 20240316063844.0
008 991125c2015 ck fr p o 000 0 spa d
035 _aUPN01000216899
040 _aMX-MxUPN
_bspa
_cMX-MxUPN
_eaacr2
049 _aART-E
100 1 _aGrijalba Uche, Miguel
100 1 _umgrijalba2003@yahoo.es
100 1 _aEcharte, Luis Enrique
100 1 _ulecharte@unav.es
245 1 0 _aHomeostasis y representaciones intelectuales:
_buna aproximación a la conducta moral desde la teoría de la emoción de Antonio Damasio
_h[recurso electrónico en línea]
506 0 _aAcceso abierto
520 3 _aAntonio Damasio elabora una teoría de la mente humana y de la conducta moral a partir de su hipótesis sobre la evolución de los mecanismos de autorregulación biológicos. En ella, a la capacidad para representar relaciones organismo-mundo se le confiere un importante papel en los cambios organizacionales (y, en último término, normativos) que emergen de los sistemas con un sistema nervioso central. Concretamente, en nuestro artículo analizamos, en primer lugar, la tesis acerca de la doble homeostasis biológica- mental que caracteriza a los agentes racionales. Desde su perspectiva, la conciencia es producto y manifestación de complejos procesos del procesamiento de representaciones, los cuales favorecen la regulación no consciente. Además, para entender los procesos conscientes también es clave, según Damasio, conocer cómo la evolución de tales mecanismos está asociada con el desarrollo de áreas neuronales próximas al córtex emocional, especialmente, el giro cingulado. Los argumentos que Damasio utiliza para vincular los procesos representacionales con la particular preocupación humana por los sentimientos de los otros (un fenómeno que identifica en el origen de las normas éticas y, en último término, de lo que denomina homeostasis social) es la segunda cuestión que evaluamos. PyB
650 4 _aEmociones
_939
653 0 _aSentimientos
653 0 _aMoral
653 0 _aNeurofisiología
653 0 _aAutorregulación
773 _gVol. 19, no. 1 (2015), p. 80-98
_tPersona y bioética
_x0123-3122
856 4 _uhttp://personaybioetica.unisabana.edu.co/index.php/personaybioetica/article/view/4260/pdf
902 _bLeonor Sotres/061023
905 _aArticulo
942 _cART-E
999 _c188999
_d188999